Maternal and Neonatal Nursing Care Plans (Record no. 158819)

MARC details
000 -LEADER
fixed length control field 00416 a2200157 4500
003 - CONTROL NUMBER IDENTIFIER
control field OSt
005 - DATE AND TIME OF LATEST TRANSACTION
control field 20240206125545.0
008 - FIXED-LENGTH DATA ELEMENTS--GENERAL INFORMATION
fixed length control field 240206b |||||||| |||| 00| 0 eng d
020 ## - INTERNATIONAL STANDARD BOOK NUMBER
International Standard Book Number 9789352701438
100 ## - MAIN ENTRY--PERSONAL NAME
Personal name Jacob, Annamma
245 ## - TITLE STATEMENT
Title Maternal and Neonatal Nursing Care Plans
250 ## - EDITION STATEMENT
Edition statement 2nd
260 ## - PUBLICATION, DISTRIBUTION, ETC. (IMPRINT)
Name of publisher, distributor, etc. Jaypee Brothers Medical Publisher
Date of publication, distribution, etc. 2019
650 ## - SUBJECT ADDED ENTRY--TOPICAL TERM
Topical term or geographic name as entry element NURSING FOUNDATION
9 (RLIN) 181735
942 ## - ADDED ENTRY ELEMENTS (KOHA)
Source of classification or shelving scheme Dewey Decimal Classification
Koha item type Books
Holdings
Withdrawn status Lost status Source of classification or shelving scheme Damaged status Not for loan Home library Current library Date acquired Vendor Cost, normal purchase price Total Checkouts Full call number Barcode Date last seen Date last checked out Cost, replacement price Bill Date Koha item type
    Dewey Decimal Classification     Sitabai Nargundkar College of Nursing Nagpur Sitabai Nargundkar College of Nursing Nagpur 20/05/2023 102 872.00 1 618.2/JAC SNCN-BK-3196 01/04/2024 16/03/2024 1395.00 20/05/2023 Books